00710nam a2200241 a 4500001001300000003000900013005001700022008004100039020001000080082001300090100001600103245007400119260003700193300000900230500003500239505002200274650001300296700001600309902000800325942000700333952011300340999001500453nice12345678IN_TiNIC20260116012055.0050524s1965 lona grp 000 0 eng  ac10000a227bSTI aStibbs, A M aEpistles for the Sundays and Principal Holy Days of the Church`s Year aLondonbHodder & Stoughtonc1965 a156p aincludes index and biblioraphy2 aIndex of Churches aEpistles1 aStibbs, A M bSRS cBK 001040708StackRoom-aHMIbHMId2007-06-20g100.00l0o227 STIp06627r2007-06-20v100.00w2005-05-24yBK c5531d5531